Statistics for Guess the country by flag

Click here to take the quiz!

General Stats

  • This quiz has been taken 9 times
  • The average score is 10 of 15

Answer Stats

Answer% Correct
China
100%
Greece
100%
India
100%
Norway
100%
Bosnia and Herzegovina
88%
Netherlands
88%
Pakistan
75%
Cameroon
63%
Nepal
63%
Bhutan
50%
Jordan
50%
Kiribati
50%
Maldives
38%
Madagascar
25%
Malawi
25%

Score Distribution

Percentile by Number Answered

Percent of People with Each Score

Your Score History

You have not taken this quiz